000 00664nam a2200229Ia 4500
003 OSt
005 20230502153345.0
008 210423s2018 xx 000 0 und d
020 _a978-3-319-73998-4
040 _cAL
041 _aeng
082 _a530.41
_223
_bQUIS
100 _aQUINN (John J);YI (Kyung-Soo)
_996325
245 _aSolid state physics Ed2: principles and modern applications
250 _a2
260 _aHeidelberg
_bSpringer Verlag
_c2018
300 _axix,594
_bPB
365 _b8149
_cINR
650 _aSolid State Physics
_996326
906 _aapplications ; Ed2: ; modern ; physics ; principles ; Solid ; state
942 _2ddc
_cBK
999 _c170705
_d170705